000 00851cab a2200265 4500
001 ABS47833
008 090401t1993 xxu||||| |||| 00| 0 eng d
035 _a(Sirsi) u63575
041 _aeng
100 _aBlyth, A.
245 _aOnly if the price is right
260 _c1993
350 _a0
490 _aArchitects` Journal
_v197(4) 27 January 1993, 34-36 (3)
520 _aLocal authority architects express reservations about the introduction of CCT for architectural services; the director of architecture for Glasgow recalls the US abandoning its CCT experiment after 5 years.
650 _aARCHITECTS
650 _aCCT
650 _aCOMPULSORY COMPETITIVE TENDERING
650 _aLOCAL AUTHORITIES
650 _aPROFESSIONAL SERVICES
650 _aUSA
690 _aECONOMIC AND SOCIAL
942 _n0
948 _c04/03/1997
999 _c39520
_d39520